01724nam a2200349   4500003000900000005001700009008004100026017001100067020001400078040004600092041000800138082002600146092000700172099003400179100006800213245013000281264006400411300002700475336002200502337002400524338003300548504010800581546009600689650004300785650003200828856005700860905001700917942001900934999001700953952017800970952022601148EG-GICUC20260121101053.0251027s1997    ua ||||fr|||| 00| 0 ara d  a972889  a977041656  a EG-GICUCbarac EG-GICUCd EG-GICUCerda0 aara04221a341.8bع ب . ح04221  aLaw1 12	341.8 ع ب . ح	19970 aعبد الحكيم مصطفى عبد الرحمنeمؤلف.10aحماية المستهلك فى القانون الدولى الخاص /cعبد الحكيم مصطفى عبد الرحمن 1aالقاهرة:bدار النهضة العربية:c1997.  a102؛صفحةc24 سم  2rda contentatext  2rda mediaaComputer  2rda carrieraOnline Resource  aيحتوي على ارجاعات ببليوجرافية
يحتوي على قائمة بالمراجع  aالنص أغلبه باللغة العربية مع بعض النصوص الفرنسية1 aالقانون الدولى الخاص1 aحماية المستهلك40uhttps://fll.law.cu.edu.eg/fulltext/bks/B12-00327.pdf  aRawan khaled  2ddcn0cBKe21  c37947d37947  00102ddc40718القانون الدولي الخاصaCUbLAW1d2025-10-27l0oLaw1 12	341.8 ع ب . ح	1997 1200327	C1pB12-00327r2025-10-27 13:33:02t1w2025-10-27yBK  00102ddc40708القانون الدولي الخاصaCUbLAW1d2025-12-08eاهداء مكتبة ا.د. صلاح عامرl0oLaw1 12	341.8 ع ب . ح	1997 1201604	C2pB12-01604r2025-12-08 11:21:00t2w2025-12-08yBK